000 00481nam a22001697a 4500
003 NUST
005 20260122164347.0
008 260122b ||||| |||| 00| 0 eng d
020 _a978-1-4244-3299-8
082 _a629.106
100 _aIGIS, NUST.
_9132884
245 _a Proceedings of International Conference on Advances in Space Technologies-2008 /
_cIGIS, NUST.
260 _aNUST:
_bIGIS,
_c2008.
300 _a169 p ;
_c27.5 cm.
563 _aPaperback
942 _2ddc
_cBK
999 _c615901
_d615901